|
|
|
|
| LEADER |
01008nam a22002417a 4500 |
| 003 |
GR-PaULI |
| 005 |
20210117210511.0 |
| 007 |
ta |
| 008 |
171107s1970 -us |||f |||| 001 0 eng d |
| 020 |
|
|
|a 47111670X
|
| 040 |
|
|
|a GR-PaULI
|b gre
|c GR-PaULI
|e AACR2
|
| 060 |
|
|
|a QD 262
|
| 100 |
1 |
|
|9 165432
|a Buehler, Calvin Adam,
|d 1896-
|e συγγραφέας
|
| 245 |
1 |
0 |
|a Survey of organic synthesis /
|c Calvin A. Buehler, Donald E. Pearson.
|
| 260 |
|
|
|a New York :
|b Wiley-Interscience,
|c 1970.
|
| 300 |
|
|
|a ix, 116 σ. ;
|c 24 εκ.
|
| 504 |
|
|
|6 Περιλαμβάνει βιβλιογραφία και ευρετήριο.
|
| 650 |
|
0 |
|9 251
|a Χημεία, Οργανική
|
| 700 |
1 |
|
|9 165433
|a Pearson, Donald E.,
|d 1914-
|e συγγραφέας
|
| 942 |
|
|
|2 lcc
|c BK15
|
| 952 |
|
|
|0 0
|1 0
|2 lcc
|4 0
|6 QD0262 B U E
|7 0
|9 217059
|a MEDI
|b MEDI
|c DON
|d 2017-11-07
|i 2232
|l 0
|o QD 262 BUE
|p 025000028205
|r 2017-11-07 00:00:00
|t 1
|y BK15
|z Δωρεά Χ. Κουτσογεωργόπουλου
|
| 998 |
|
|
|c ΜΑΝΙΑΚΗ
|d 2017
|
| 999 |
|
|
|c 131588
|d 131588
|